[Event "POL-chT 47th"]
[Site "Mikolajki"]
[Date "1991.09.??"]
[Round "7"]
[White "Stypka, Mieczyslaw"]
[Black "Latas, Boguslaw"]
[Result "1-0"]
[WhiteElo "2270"]
[BlackElo "2275"]
[PlyCount "57"]
[EventDate "1991.09.20"]
[EventType "team-swiss"]
[EventRounds "9"]
[EventCountry "POL"]
[SourceTitle "EXT 2019"]
[Source "ChessBase"]
[SourceDate "2018.10.10"]
[SourceVersion "1"]
[SourceVersionDate "2018.10.10"]
[SourceQuality "1"]
[WhiteTeam "Poznan Pocztowiec"]
[BlackTeam "Krakow KKSz-Hutnik"]
[WhiteTeamCountry "POL"]
[BlackTeamCountry "POL"]

1. e4 d6 2. d4 Nf6 3. Nc3 c6 4. Nf3 Bg4 5. Be2 e6 6. 0-0 Be7 7. Re1 d5 8. h3 Bh5 9. Ne5 Bg6 10. exd5 cxd5 11. Bb5+ Kf8 12. Bg5 a6 13. Ba4 Bh5 14. Qd3 Ng8 15. Bd2 Bd6 16. g4 Bg6 17. Qf3 b5 18. Bb3 Ra7 19. Nxg6+ hxg6 20. Rxe6 Nf6 21. Ree1 Nc6 22. Be3 Bb4 23. a4 Rd7 24. axb5 axb5 25. Ra6 Na5 26. Ra1 Nxb3 27. cxb3 Ke7 28. Bg5 Re8 29. Rxf6 1-0

[Event "POL-chT 47th"]
[Site "Mikolajki"]
[Date "1991.09.??"]
[Round "3"]
[White "Stypka, Mieczyslaw"]
[Black "Mulet, Piotr"]
[Result "1-0"]
[WhiteElo "2270"]
[BlackElo "2275"]
[PlyCount "114"]
[EventDate "1991.09.20"]
[EventType "team-swiss"]
[EventRounds "9"]
[EventCountry "POL"]
[SourceTitle "EXT 2019"]
[Source "ChessBase"]
[SourceDate "2018.10.10"]
[SourceVersion "1"]
[SourceVersionDate "2018.10.10"]
[SourceQuality "1"]
[WhiteTeam "Poznan Pocztowiec"]
[BlackTeam "Katowice Kolejarz"]
[WhiteTeamCountry "POL"]
[BlackTeamCountry "POL"]

1. e4 e5 2. Nf3 Nc6 3. Bb5 a6 4. Ba4 Nf6 5. d4 exd4 6. 0-0 Be7 7. Re1 0-0 8. e5 Nd5 9. Nxd4 Nb6 10. Bb3 Na5 11. Nf5 Nxb3 12. Nxe7+ Qxe7 13. axb3 f6 14. Bf4 fxe5 15. Bxe5 Qf7 16. Bxc7 Qxf2+ 17. Kh1 d6 18. Nc3 Nd7 19. Ne4 Qh4 20. Qd5+ Kh8 21. Nxd6 h6 22. Nxc8 Nf6 23. Qxb7 Raxc8 24. Bg3 Qg5 25. c4 Nh5 26. Bd6 Rg8 27. c5 Rxc5 28. Qe7 Qxe7 29. Rxe7 Rc6 30. Be5 Nf6 31. h3 Rd8 32. Ra7 Re8 33. Bxf6 Rxf6 34. R7xa6 Rf2 35. Ra8 Rxa8 36. Rxa8+ Kh7 37. Ra2 Rf4 38. Kh2 Rb4 39. Ra3 Kg6 40. Kg3 Kf5 41. Kf3 Rb7 42. Ke3 h5 43. Kd4 Kf4 44. Kc5 Rc7+ 45. Kd6 Rb7 46. Kc6 Rb8 47. Kc7 Rb5 48. Kc6 Rb8 49. g3+ Ke4 50. Ra4+ Kf3 51. b4 Kxg3 52. Ra3+ Kf4 53. b5 g5 54. b6 g4 55. hxg4 hxg4 56. Kc7 Rg8 57. b7 g3 1-0

[Event "EU-Cup 07th round of 32"]
[Site "Athens"]
[Date "1989.05.14"]
[Round "1.2"]
[White "Stypka, Mieczyslaw"]
[Black "Skalkotas, Nikolaos"]
[Result "1/2-1/2"]
[WhiteElo "2295"]
[BlackElo "2325"]
[PlyCount "95"]
[EventDate "1990.05.12"]
[EventType "team-match"]
[EventRounds "2"]
[EventCountry "GRE"]
[SourceTitle "EXT 2017"]
[Source "ChessBase"]
[SourceDate "2016.10.25"]
[SourceVersion "1"]
[SourceVersionDate "2016.10.25"]
[SourceQuality "1"]
[WhiteTeam "Poznan Pocztowiec"]
[BlackTeam "Kallithea Athens"]
[WhiteTeamCountry "POL"]
[BlackTeamCountry "GRE"]

1. e4 e6 2. d4 d5 3. Nd2 a6 4. Ngf3 c5 5. exd5 exd5 6. dxc5 Bxc5 7. Nb3 Bb6 8. Be2 Nf6 9. 0-0 Nc6 10. Bg5 0-0 11. c3 Re8 12. Qc2 Qd6 13. Bh4 Ne4 14. Rae1 Qh6 15. Bd3 Bf5 16. Bg3 Bg6 17. Nh4 Nxf2 18. Rxe8+ Rxe8 19. Bxf2 Bxd3 20. Qxd3 Bxf2+ 21. Rxf2 Re1+ 22. Rf1 Qxh4 23. Qxd5 Rxf1+ 24. Kxf1 Qxh2 25. Nd4 Qf4+ 26. Kg1 Qe3+ 27. Kh1 Qe1+ 28. Kh2 Qe5+ 29. Qxe5 Nxe5 30. Kg3 Kf8 31. b3 g6 32. Kf4 Nc6 33. Nf3 f5 34. Ng5 Kg7 35. Ne6+ Kf6 36. Nc5 g5+ 37. Ke3 Nd8 38. a4 a5 39. b4 Ke5 40. bxa5 Kd5 41. a6 bxa6 42. Nxa6 Kc4 43. Nb8 Nb7 44. Nc6 Kd5 45. Ne7+ Ke6 46. Nc6 Kd5 47. Ne7+ Ke6 48. Nc6 1/2-1/2

[Event "Legion op 6th"]
[Site "Warsaw"]
[Date "1989.01.18"]
[Round "7"]
[White "Bozek, Adam"]
[Black "Stypka, Mieczyslaw"]
[Result "1-0"]
[WhiteElo "2375"]
[BlackElo "2295"]
[PlyCount "51"]
[EventDate "1989.01.12"]
[EventType "swiss"]
[EventRounds "11"]
[EventCountry "POL"]
[SourceTitle "EXT 1997"]
[Source "ChessBase"]
[SourceDate "1996.11.15"]
[SourceVersion "1"]
[SourceVersionDate "1996.11.15"]
[SourceQuality "1"]

1. e4 c5 2. Nf3 d6 3. c3 Nf6 4. h3 Nc6 5. Bd3 g6 6. 0-0 Bg7 7. Bc2 0-0 8. d4 cxd4 9. cxd4 e5 10. Nc3 exd4 11. Nb5 d5 12. exd5 Nxd5 13. Nbxd4 Nxd4 14. Nxd4 Nb4 15. Nf3 Qxd1 16. Bxd1 Nd3 17. Bb3 Nxb2 18. Rb1 Nd3 19. Ba3 Rd8 20. Ng5 Ne5 21. f4 Bh6 22. fxe5 Bxg5 23. Rxf7 Rd3 24. e6 Rxb3 25. Rf8+ Kg7 26. Rxb3 1-0